00450nam a2200145Ia 4500008004100000020001400041050002400055245009100079260002900170300001400199500002000213650002500233980003100258999001500289151021s9999 xx 000 0 und d a810857421 aCD 974.4 .E38 2002  a_Effective Approaches for Managing Electronic Records and Archives Dearstyne W. Bruce  aMaryland Scarecrow 2002  aix,167p.  aIncludes index  a_Electronic records  a^d20140227 11:02:35^okorir c8522d8522